[Event "April 9 Early 2024"]
[Site "Chess.com"]
[Date "2024.04.09"]
[Round "10"]
[White "Lehtosaari, Mauri"]
[Black "Karttunen, Mika"]
[Result "0-1"]
[Board "58"]
[WhiteFideId "501999"]
[BlackFideId "502081"]
[BlackTitle "IM"]
[WhiteElo "2569"]
[BlackElo "2744"]
[WhiteTeam "FIN"]
[BlackTeam "FIN"]
[WhiteClock "0:00:00"]
[BlackClock "0:00:07"]
[Variant "Standard"]

1. d4 {[%clk 0:03:00]}  Nf6 {[%clk 0:02:59]} 2. Nf3 {[%clk 0:03:01]}  d5 {[%clk 0:02:58]} 3. Bg5 {[%clk 0:03:01]}  e6 {[%clk 0:02:55]} 4. Nbd2 {[%clk 0:03:00]}  Nbd7 {[%clk 0:02:51]} 5. e3 {[%clk 0:03:00]}  a6 {[%clk 0:02:50]} 6. a4 {[%clk 0:02:58]}  c5 {[%clk 0:02:50]} 7. c3 {[%clk 0:02:59]}  Bd6 {[%clk 0:02:47]} 8. Bd3 {[%clk 0:02:54]}  Qc7 {[%clk 0:02:47]} 9. O-O {[%clk 0:02:53]}  e5 {[%clk 0:02:38]} 10. dxe5 {[%clk 0:02:50]}  Nxe5 {[%clk 0:02:38]} 11. Nxe5 {[%clk 0:02:25]}  Bxe5 {[%clk 0:02:38]} 12. Nf3 {[%clk 0:02:25]}  Bg4 {[%clk 0:02:25]} 13. h3 {[%clk 0:02:25]}  Bh5 {[%clk 0:02:14]} 14. Be2 {[%clk 0:02:22]}  Rd8 {[%clk 0:01:58]} 15. Nxe5 {[%clk 0:02:18]}  Bxe2 {[%clk 0:01:56]} 16. Qxe2 {[%clk 0:02:14]}  Qxe5 {[%clk 0:01:56]} 17. Bxf6 {[%clk 0:02:07]}  Qxf6 {[%clk 0:01:56]} 18. Rfd1 {[%clk 0:02:05]}  O-O {[%clk 0:01:50]} 19. Rd2 {[%clk 0:02:05]}  Qc6 {[%clk 0:01:43]} 20. Qg4 {[%clk 0:01:30]}  Rd6 {[%clk 0:01:41]} 21. Rad1 {[%clk 0:01:29]}  Rfd8 {[%clk 0:01:26]} 22. a5 {[%clk 0:01:26]}  h6 {[%clk 0:01:14]} 23. Qf5 {[%clk 0:01:09]}  Rf6 {[%clk 0:01:10]} 24. Qe5 {[%clk 0:01:07]}  Re6 {[%clk 0:01:06]} 25. Qf5 {[%clk 0:01:06]}  Red6 {[%clk 0:00:52]} 26. Qe5 {[%clk 0:00:53]}  Qa4 {[%clk 0:00:34]} 27. Rxd5 {[%clk 0:00:36]}  Qxd1+ {[%clk 0:00:33]} 28. Rxd1 {[%clk 0:00:36]}  Rxd1+ {[%clk 0:00:34]} 29. Kh2 {[%clk 0:00:37]}  R1d5 {[%clk 0:00:28]} 30. Qc7 {[%clk 0:00:35]}  R8d7 {[%clk 0:00:12]} 31. Qc8+ {[%clk 0:00:34]}  Kh7 {[%clk 0:00:12]} 32. e4 {[%clk 0:00:33]}  Rd2 {[%clk 0:00:12]} 33. Qxc5 {[%clk 0:00:32]}  g6 {[%clk 0:00:12]} 34. b4 {[%clk 0:00:27]}  Re2 {[%clk 0:00:12]} 35. Kg3 {[%clk 0:00:23]}  Rd3+ {[%clk 0:00:11]} 36. f3 {[%clk 0:00:21]}  Rdd2 {[%clk 0:00:11]} 37. Qg1 {[%clk 0:00:18]}  Rc2 {[%clk 0:00:11]} 38. h4 {[%clk 0:00:16]}  Rxc3 {[%clk 0:00:11]} 39. h5 {[%clk 0:00:17]}  gxh5 {[%clk 0:00:10]} 40. Kf4 {[%clk 0:00:16]}  Rc6 {[%clk 0:00:10]} 41. e5 {[%clk 0:00:11]}  Rec2 {[%clk 0:00:09]} 42. Kf5 {[%clk 0:00:09]}  R2c4 {[%clk 0:00:08]} 43. f4 {[%clk 0:00:09]}  Rxb4 {[%clk 0:00:07]} 44. g3 {[%clk 0:00:08]}  Rbc4 {[%clk 0:00:07]} 45. Qb1 {[%clk 0:00:07]}  Kg7 {[%clk 0:00:07]} 46. Qxb7 {[%clk 0:00:00]}  Rc3 {[%clk 0:00:07]} 0-1

[Event "April 9 Early 2024"]
[Site "Chess.com"]
[Date "2024.04.09"]
[Round "10"]
[White "Guliev, Logman"]
[Black "Munoz, Francisco Javier"]
[Result "0-1"]
[Board "61"]
[WhiteFideId "13400061"]
[BlackFideId "128368"]
[WhiteTitle "IM"]
[BlackTitle "FM"]
[WhiteElo "2520"]
[BlackElo "2697"]
[WhiteTeam "AZE"]
[BlackTeam "ARG"]
[WhiteClock "0:00:00"]
[BlackClock "0:01:36"]
[Variant "Standard"]

1. e4 {[%clk 0:03:00]}  e5 {[%clk 0:02:59]} 2. Nf3 {[%clk 0:02:59]}  Nc6 {[%clk 0:03:00]} 3. Bb5 {[%clk 0:02:59]}  a6 {[%clk 0:03:00]} 4. Ba4 {[%clk 0:02:59]}  Nge7 {[%clk 0:03:00]} 5. O-O {[%clk 0:02:59]}  g6 {[%clk 0:03:01]} 6. c3 {[%clk 0:02:58]}  Bg7 {[%clk 0:03:01]} 7. d4 {[%clk 0:02:59]}  exd4 {[%clk 0:03:02]} 8. cxd4 {[%clk 0:02:59]}  O-O {[%clk 0:03:03]} 9. Nc3 {[%clk 0:02:58]}  b5 {[%clk 0:03:03]} 10. Bb3 {[%clk 0:02:54]}  Na5 {[%clk 0:03:02]} 11. Bc2 {[%clk 0:02:54]}  d6 {[%clk 0:03:02]} 12. h3 {[%clk 0:02:53]}  c5 {[%clk 0:03:01]} 13. dxc5 {[%clk 0:02:49]}  dxc5 {[%clk 0:03:00]} 14. Bf4 {[%clk 0:02:49]}  Nc4 {[%clk 0:03:00]} 15. Qxd8 {[%clk 0:02:43]}  Rxd8 {[%clk 0:02:58]} 16. Rad1 {[%clk 0:02:42]}  Be6 {[%clk 0:02:52]} 17. b3 {[%clk 0:02:36]}  Bxc3 {[%clk 0:02:41]} 18. bxc4 {[%clk 0:02:33]}  Bxc4 {[%clk 0:02:41]} 19. Rxd8+ {[%clk 0:02:33]}  Rxd8 {[%clk 0:02:39]} 20. Rb1 {[%clk 0:02:29]}  Bxa2 {[%clk 0:02:35]} 21. Rc1 {[%clk 0:02:29]}  b4 {[%clk 0:02:30]} 22. e5 {[%clk 0:02:24]}  Nc6 {[%clk 0:01:44]} 23. Be4 {[%clk 0:02:01]}  Nd4 {[%clk 0:01:39]} 24. Nxd4 {[%clk 0:01:54]}  Rxd4 {[%clk 0:01:40]} 25. f3 {[%clk 0:01:49]}  Bd5 {[%clk 0:01:38]} 26. Be3 {[%clk 0:01:45]}  Bxe4 {[%clk 0:01:38]} 27. Bxd4 {[%clk 0:01:46]}  Bxd4+ {[%clk 0:01:38]} 28. Kh2 {[%clk 0:00:00]}  Bxe5+ {[%clk 0:01:36]} 0-1

[Event "April 9 Early 2024"]
[Site "Chess.com"]
[Date "2024.04.09"]
[Round "10"]
[White "Tigran Mukhutdinov"]
[Black "Marin Ferragut, Pau"]
[Result "1-0"]
[Board "62"]
[WhiteFideId "34108570"]
[BlackFideId "54716020"]
[WhiteTitle "FM"]
[BlackTitle "CM"]
[WhiteElo "2695"]
[BlackElo "2507"]
[WhiteTeam "RUS"]
[BlackTeam "ESP"]
[WhiteClock "0:00:57"]
[BlackClock "0:00:01"]
[Variant "Standard"]

1. b3 {[%clk 0:03:00]}  e5 {[%clk 0:02:58]} 2. Bb2 {[%clk 0:03:00]}  Nc6 {[%clk 0:02:58]} 3. c4 {[%clk 0:02:58]}  Nf6 {[%clk 0:02:53]} 4. e3 {[%clk 0:02:59]}  d5 {[%clk 0:02:53]} 5. cxd5 {[%clk 0:02:59]}  Nxd5 {[%clk 0:02:52]} 6. a3 {[%clk 0:02:59]}  Be6 {[%clk 0:02:47]} 7. d3 {[%clk 0:02:57]}  g6 {[%clk 0:02:43]} 8. Nf3 {[%clk 0:02:56]}  Bg7 {[%clk 0:02:43]} 9. Qc2 {[%clk 0:02:56]}  O-O {[%clk 0:02:43]} 10. Be2 {[%clk 0:02:56]}  a5 {[%clk 0:02:42]} 11. O-O {[%clk 0:02:56]}  h6 {[%clk 0:02:39]} 12. Nbd2 {[%clk 0:02:56]}  f5 {[%clk 0:02:39]} 13. Nc4 {[%clk 0:02:56]}  e4 {[%clk 0:02:19]} 14. dxe4 {[%clk 0:02:54]}  fxe4 {[%clk 0:02:19]} 15. Bxg7 {[%clk 0:02:10]}  Kxg7 {[%clk 0:01:44]} 16. Qxe4 {[%clk 0:02:02]}  Bf5 {[%clk 0:01:44]} 17. Qh4 {[%clk 0:02:02]}  g5 {[%clk 0:01:27]} 18. Qg3 {[%clk 0:02:02]}  Nf6 {[%clk 0:01:27]} 19. Rfd1 {[%clk 0:02:00]}  Qe7 {[%clk 0:01:26]} 20. Nd4 {[%clk 0:01:49]}  Nxd4 {[%clk 0:00:54]} 21. Rxd4 {[%clk 0:01:48]}  Rae8 {[%clk 0:00:55]} 22. Bf3 {[%clk 0:01:40]}  g4 {[%clk 0:00:29]} 23. Bxb7 {[%clk 0:01:21]}  Nh5 {[%clk 0:00:28]} 24. Rxg4+ {[%clk 0:01:19]}  Bxg4 {[%clk 0:00:11]} 25. Qxg4+ {[%clk 0:01:19]}  Qg5 {[%clk 0:00:11]} 26. Qxg5+ {[%clk 0:01:20]}  hxg5 {[%clk 0:00:11]} 27. Nxa5 {[%clk 0:01:20]}  Nf6 {[%clk 0:00:08]} 28. Nc4 {[%clk 0:01:20]}  Ng4 {[%clk 0:00:08]} 29. Bf3 {[%clk 0:01:19]}  Nf6 {[%clk 0:00:07]} 30. a4 {[%clk 0:01:19]}  g4 {[%clk 0:00:07]} 31. Bc6 {[%clk 0:01:19]}  Re6 {[%clk 0:00:07]} 32. Bb5 {[%clk 0:01:16]}  c6 {[%clk 0:00:07]} 33. Ba6 {[%clk 0:01:16]}  Ne4 {[%clk 0:00:07]} 34. Rf1 {[%clk 0:01:06]}  Ra8 {[%clk 0:00:07]} 35. Bb7 {[%clk 0:01:05]}  Rb8 {[%clk 0:00:07]} 36. Na5 {[%clk 0:01:05]}  Nc5 {[%clk 0:00:02]} 37. Bxc6 {[%clk 0:01:02]}  Rd6 {[%clk 0:00:02]} 38. Bb5 {[%clk 0:01:00]}  Ne4 {[%clk 0:00:02]} 39. Nc4 {[%clk 0:01:00]}  Rd3 {[%clk 0:00:02]} 40. f3 {[%clk 0:00:56]}  gxf3 {[%clk 0:00:01]} 41. gxf3 {[%clk 0:00:57]}  Nd2 {[%clk 0:00:01]} 42. Nxd2 {[%clk 0:00:57]}  Rxd2 {[%clk 0:00:02]} 43. Rf2 {[%clk 0:00:57]}  Rc8 {[%clk 0:00:01]} 44. Rxd2 {[%clk 0:00:57]} 1-0

[Event "April 9 Early 2024"]
[Site "Chess.com"]
[Date "2024.04.09"]
[Round "10"]
[White "Hulka, Valentyn"]
[Black "Codrut-Constantin Florescu"]
[Result "0-1"]
[Board "67"]
[WhiteFideId "34107061"]
[BlackFideId "1202200"]
[WhiteTitle "FM"]
[BlackTitle "IM"]
[WhiteElo "2780"]
[BlackElo "2555"]
[WhiteTeam "UKR"]
[BlackTeam "ROU"]
[WhiteClock "0:00:21"]
[BlackClock "0:01:43"]
[Variant "Standard"]

1. d4 {[%clk 0:03:00]}  Nf6 {[%clk 0:02:59]} 2. c4 {[%clk 0:03:01]}  e6 {[%clk 0:03:00]} 3. Nf3 {[%clk 0:03:01]}  b6 {[%clk 0:02:59]} 4. g3 {[%clk 0:03:01]}  Ba6 {[%clk 0:03:00]} 5. Nbd2 {[%clk 0:02:59]}  d5 {[%clk 0:02:59]} 6. Bg2 {[%clk 0:02:56]}  c6 {[%clk 0:02:59]} 7. b3 {[%clk 0:02:53]}  Be7 {[%clk 0:02:59]} 8. O-O {[%clk 0:02:53]}  O-O {[%clk 0:02:59]} 9. Bb2 {[%clk 0:02:54]}  Nbd7 {[%clk 0:02:59]} 10. Rc1 {[%clk 0:02:50]}  c5 {[%clk 0:02:59]} 11. Qc2 {[%clk 0:02:50]}  Rc8 {[%clk 0:02:58]} 12. Qb1 {[%clk 0:02:50]}  Bb7 {[%clk 0:02:58]} 13. Rfd1 {[%clk 0:02:49]}  Ba8 {[%clk 0:02:58]} 14. Qa1 {[%clk 0:02:46]}  Qc7 {[%clk 0:02:57]} 15. dxc5 {[%clk 0:02:40]}  bxc5 {[%clk 0:02:56]} 16. cxd5 {[%clk 0:02:40]}  exd5 {[%clk 0:02:56]} 17. Ne5 {[%clk 0:02:39]}  Nxe5 {[%clk 0:02:50]} 18. Bxe5 {[%clk 0:02:39]}  Qb6 {[%clk 0:02:49]} 19. Nf1 {[%clk 0:02:35]}  Qe6 {[%clk 0:02:46]} 20. e3 {[%clk 0:02:17]}  d4 {[%clk 0:02:26]} 21. exd4 {[%clk 0:02:11]}  Bxg2 {[%clk 0:02:25]} 22. Kxg2 {[%clk 0:02:10]}  Ng4 {[%clk 0:02:21]} 23. Bf4 {[%clk 0:01:58]}  Bf6 {[%clk 0:02:20]} 24. Be3 {[%clk 0:01:33]}  Qe4+ {[%clk 0:02:12]} 25. Kg1 {[%clk 0:01:25]}  cxd4 {[%clk 0:02:11]} 26. Rxc8 {[%clk 0:01:24]}  dxe3 {[%clk 0:01:57]} 27. Rxf8+ {[%clk 0:00:58]}  Kxf8 {[%clk 0:01:58]} 28. f3 {[%clk 0:00:56]}  Qxf3 {[%clk 0:01:50]} 29. Qc1 {[%clk 0:00:56]}  Qf2+ {[%clk 0:01:43]} 30. Kh1 {[%clk 0:00:57]}  g6 {[%clk 0:01:42]} 31. Qc8+ {[%clk 0:00:34]}  Kg7 {[%clk 0:01:42]} 32. Qxg4 {[%clk 0:00:35]}  e2 {[%clk 0:01:43]} 33. Ne3 {[%clk 0:00:21]}  e1=Q+ {[%clk 0:01:43]} 0-1

[Event "April 9 Early 2024"]
[Site "Chess.com"]
[Date "2024.04.09"]
[Round "10"]
[White "Banerjee, Supratit"]
[Black "John Veny Akkarakaran"]
[Result "0-1"]
[Board "68"]
[WhiteFideId "2410079"]
[BlackFideId "46665773"]
[WhiteTitle "CM"]
[BlackTitle "FM"]
[WhiteElo "2559"]
[BlackElo "2758"]
[WhiteTeam "ENG"]
[BlackTeam "IND"]
[WhiteClock "0:00:11"]
[BlackClock "0:00:10"]
[Variant "Standard"]

1. e4 {[%clk 0:03:00]}  e6 {[%clk 0:03:00]} 2. d4 {[%clk 0:03:00]}  d5 {[%clk 0:03:00]} 3. exd5 {[%clk 0:03:01]}  exd5 {[%clk 0:03:00]} 4. Nf3 {[%clk 0:03:01]}  Bd6 {[%clk 0:03:00]} 5. Bd3 {[%clk 0:03:01]}  Ne7 {[%clk 0:02:17]} 6. O-O {[%clk 0:03:00]}  O-O {[%clk 0:02:17]} 7. c3 {[%clk 0:02:59]}  c6 {[%clk 0:02:10]} 8. Re1 {[%clk 0:02:59]}  Na6 {[%clk 0:02:08]} 9. Qc2 {[%clk 0:02:58]}  h6 {[%clk 0:02:08]} 10. Ne5 {[%clk 0:02:57]}  Nc7 {[%clk 0:02:02]} 11. Bf4 {[%clk 0:02:53]}  Be6 {[%clk 0:02:02]} 12. Bg3 {[%clk 0:02:52]}  Rc8 {[%clk 0:01:59]} 13. Nd2 {[%clk 0:02:51]}  Bxe5 {[%clk 0:01:59]} 14. Bxe5 {[%clk 0:02:50]}  Qd7 {[%clk 0:02:00]} 15. Nf3 {[%clk 0:02:49]}  Bf5 {[%clk 0:01:56]} 16. Bxf5 {[%clk 0:02:27]}  Nxf5 {[%clk 0:01:52]} 17. Bxc7 {[%clk 0:02:26]}  Rxc7 {[%clk 0:01:51]} 18. Ne5 {[%clk 0:02:25]}  Qc8 {[%clk 0:01:51]} 19. h3 {[%clk 0:02:19]}  Re8 {[%clk 0:01:50]} 20. Qd3 {[%clk 0:02:08]}  Rce7 {[%clk 0:01:49]} 21. Qf3 {[%clk 0:01:49]}  f6 {[%clk 0:01:42]} 22. Nd3 {[%clk 0:01:48]}  Re4 {[%clk 0:01:42]} 23. Rf1 {[%clk 0:01:44]}  Nd6 {[%clk 0:01:36]} 24. Qg3 {[%clk 0:01:28]}  Nc4 {[%clk 0:01:34]} 25. b3 {[%clk 0:01:28]}  Nb6 {[%clk 0:01:26]} 26. Rfe1 {[%clk 0:01:21]}  Qf5 {[%clk 0:01:25]} 27. Rxe4 {[%clk 0:01:16]}  dxe4 {[%clk 0:01:25]} 28. Nc5 {[%clk 0:01:11]}  Re7 {[%clk 0:00:57]} 29. Re1 {[%clk 0:01:05]}  Nd5 {[%clk 0:00:52]} 30. c4 {[%clk 0:00:49]}  Nf4 {[%clk 0:00:50]} 31. f3 {[%clk 0:00:26]}  e3 {[%clk 0:00:31]} 32. Ne4 {[%clk 0:00:25]}  Nh5 {[%clk 0:00:18]} 33. Qg4 {[%clk 0:00:24]}  Qxg4 {[%clk 0:00:11]} 34. hxg4 {[%clk 0:00:25]}  Nf4 {[%clk 0:00:12]} 35. Rxe3 {[%clk 0:00:24]}  Kf7 {[%clk 0:00:12]} 36. Nd6+ {[%clk 0:00:23]}  Kf8 {[%clk 0:00:12]} 37. Rxe7 {[%clk 0:00:22]}  Kxe7 {[%clk 0:00:13]} 38. Nxb7 {[%clk 0:00:23]}  Ne2+ {[%clk 0:00:14]} 39. Kf2 {[%clk 0:00:23]}  Nxd4 {[%clk 0:00:15]} 40. Nc5 {[%clk 0:00:21]}  Kd6 {[%clk 0:00:14]} 41. Ne4+ {[%clk 0:00:21]}  Ke5 {[%clk 0:00:14]} 42. Ng3 {[%clk 0:00:19]}  g6 {[%clk 0:00:09]} 43. Nf1 {[%clk 0:00:16]}  Nc2 {[%clk 0:00:06]} 44. Ne3 {[%clk 0:00:14]}  Nb4 {[%clk 0:00:06]} 45. a3 {[%clk 0:00:13]}  Nd3+ {[%clk 0:00:06]} 46. Ke2 {[%clk 0:00:13]}  Nc1+ {[%clk 0:00:07]} 47. Kd2 {[%clk 0:00:13]}  Nxb3+ {[%clk 0:00:08]} 48. Kc3 {[%clk 0:00:13]}  Nc5 {[%clk 0:00:08]} 49. Kb4 {[%clk 0:00:14]}  Nd3+ {[%clk 0:00:07]} 50. Ka5 {[%clk 0:00:13]}  Kd4 {[%clk 0:00:07]} 51. Nd1 {[%clk 0:00:12]}  Kxc4 {[%clk 0:00:06]} 52. Ka6 {[%clk 0:00:13]}  Kb3 {[%clk 0:00:05]} 53. Kxa7 {[%clk 0:00:12]}  c5 {[%clk 0:00:05]} 54. Kb6 {[%clk 0:00:11]}  Kxa3 {[%clk 0:00:05]} 55. Kb5 {[%clk 0:00:11]}  Kb3 {[%clk 0:00:06]} 56. Ne3 {[%clk 0:00:09]}  Kc3 {[%clk 0:00:03]} 57. Nd5+ {[%clk 0:00:08]}  Kd4 {[%clk 0:00:03]} 58. Nxf6 {[%clk 0:00:08]}  c4 {[%clk 0:00:04]} 59. Ne4 {[%clk 0:00:08]}  c3 {[%clk 0:00:04]} 60. Nxc3 {[%clk 0:00:01]}  Kxc3 {[%clk 0:00:04]} 61. Kc6 {[%clk 0:00:02]}  Kd4 {[%clk 0:00:03]} 62. Kd6 {[%clk 0:00:03]}  Nf4 {[%clk 0:00:04]} 63. Ke7 {[%clk 0:00:03]}  Nxg2 {[%clk 0:00:03]} 64. Kf6 {[%clk 0:00:03]}  Nf4 {[%clk 0:00:04]} 65. Kg7 {[%clk 0:00:03]}  h5 {[%clk 0:00:02]} 66. Kh6 {[%clk 0:00:04]}  h4 {[%clk 0:00:03]} 67. Kg5 {[%clk 0:00:04]}  h3 {[%clk 0:00:03]} 68. Kxf4 {[%clk 0:00:04]}  h2 {[%clk 0:00:04]} 69. Kg5 {[%clk 0:00:04]}  h1=Q {[%clk 0:00:04]} 70. Kxg6 {[%clk 0:00:05]}  Qxf3 {[%clk 0:00:04]} 71. g5 {[%clk 0:00:06]}  Ke5 {[%clk 0:00:05]} 72. Kh6 {[%clk 0:00:07]}  Qh3+ {[%clk 0:00:05]} 73. Kg7 {[%clk 0:00:07]}  Qg4 {[%clk 0:00:05]} 74. g6 {[%clk 0:00:08]}  Kf5 {[%clk 0:00:06]} 75. Kf7 {[%clk 0:00:08]}  Qxg6+ {[%clk 0:00:06]} 76. Ke7 {[%clk 0:00:09]}  Qf6+ {[%clk 0:00:06]} 77. Kd7 {[%clk 0:00:09]}  Qe6+ {[%clk 0:00:06]} 78. Kc7 {[%clk 0:00:10]}  Ke5 {[%clk 0:00:06]} 79. Kb7 {[%clk 0:00:10]}  Qd6 {[%clk 0:00:07]} 80. Ka7 {[%clk 0:00:10]}  Qc6 {[%clk 0:00:07]} 81. Kb8 {[%clk 0:00:10]}  Qd7 {[%clk 0:00:07]} 82. Ka8 {[%clk 0:00:10]}  Kd6 {[%clk 0:00:08]} 83. Kb8 {[%clk 0:00:11]}  Kc6 {[%clk 0:00:09]} 84. Ka8 {[%clk 0:00:11]}  Kb6 {[%clk 0:00:10]} 85. Kb8 {[%clk 0:00:11]}  Qd8# {[%clk 0:00:10]} 0-1

[Event "April 9 Early 2024"]
[Site "Chess.com"]
[Date "2024.04.09"]
[Round "10"]
[White "Kleiman, Jake"]
[Black "Vlassov, Nikolai"]
[Result "0-1"]
[Board "71"]
[WhiteFideId "2020041"]
[BlackFideId "4103360"]
[WhiteTitle "IM"]
[BlackTitle "IM"]
[WhiteElo "2697"]
[BlackElo "2549"]
[WhiteTeam "USA"]
[BlackTeam "FID"]
[WhiteClock "0:00:12"]
[BlackClock "0:00:06"]
[Variant "Standard"]

1. e4 {[%clk 0:03:00]}  c5 {[%clk 0:02:54]} 2. c3 {[%clk 0:03:01]}  Nf6 {[%clk 0:02:54]} 3. e5 {[%clk 0:03:01]}  Nd5 {[%clk 0:02:54]} 4. Bc4 {[%clk 0:03:02]}  e6 {[%clk 0:02:53]} 5. Nf3 {[%clk 0:03:02]}  d6 {[%clk 0:02:52]} 6. d4 {[%clk 0:03:02]}  cxd4 {[%clk 0:02:49]} 7. cxd4 {[%clk 0:03:03]}  Nc6 {[%clk 0:02:47]} 8. O-O {[%clk 0:03:01]}  Be7 {[%clk 0:02:39]} 9. Qe2 {[%clk 0:02:58]}  O-O {[%clk 0:02:27]} 10. a3 {[%clk 0:02:58]}  Qb6 {[%clk 0:02:15]} 11. Rd1 {[%clk 0:02:57]}  Bd7 {[%clk 0:02:09]} 12. Bxd5 {[%clk 0:02:52]}  exd5 {[%clk 0:02:09]} 13. Nc3 {[%clk 0:02:53]}  Be6 {[%clk 0:02:07]} 14. exd6 {[%clk 0:02:17]}  Bxd6 {[%clk 0:02:07]} 15. Bg5 {[%clk 0:02:18]}  Rfe8 {[%clk 0:02:04]} 16. Qd2 {[%clk 0:02:06]}  Na5 {[%clk 0:01:53]} 17. Qd3 {[%clk 0:01:51]}  Nc4 {[%clk 0:01:45]} 18. b4 {[%clk 0:01:40]}  Nb2 {[%clk 0:01:30]} 19. Qd2 {[%clk 0:01:32]}  Nxd1 {[%clk 0:01:30]} 20. Rxd1 {[%clk 0:01:33]}  Bg4 {[%clk 0:01:26]} 21. Nxd5 {[%clk 0:01:31]}  Qc6 {[%clk 0:01:26]} 22. Ne3 {[%clk 0:01:11]}  Bxf3 {[%clk 0:01:25]} 23. d5 {[%clk 0:01:12]}  Bxd5 {[%clk 0:01:16]} 24. Nxd5 {[%clk 0:01:12]}  Bf8 {[%clk 0:01:12]} 25. h3 {[%clk 0:01:11]}  Rac8 {[%clk 0:01:08]} 26. Ne3 {[%clk 0:01:06]}  Be7 {[%clk 0:01:04]} 27. Nf5 {[%clk 0:00:56]}  Bf6 {[%clk 0:00:45]} 28. Qf4 {[%clk 0:00:34]}  Rcd8 {[%clk 0:00:31]} 29. Rc1 {[%clk 0:00:27]}  Qe4 {[%clk 0:00:25]} 30. Qg3 {[%clk 0:00:27]}  Qxf5 {[%clk 0:00:20]} 31. Rc5 {[%clk 0:00:27]}  Rd1+ {[%clk 0:00:17]} 32. Kh2 {[%clk 0:00:27]}  Be5 {[%clk 0:00:16]} 33. f4 {[%clk 0:00:27]}  Qb1 {[%clk 0:00:15]} 34. Qf3 {[%clk 0:00:21]}  Bd4 {[%clk 0:00:11]} 35. Rc7 {[%clk 0:00:15]}  Rh1+ {[%clk 0:00:10]} 36. Kg3 {[%clk 0:00:16]}  Qe1+ {[%clk 0:00:10]} 37. Kg4 {[%clk 0:00:16]}  h5+ {[%clk 0:00:10]} 38. Kxh5 {[%clk 0:00:16]}  Rf1 {[%clk 0:00:08]} 39. Qd5 {[%clk 0:00:14]}  Qd1+ {[%clk 0:00:06]} 40. g4 {[%clk 0:00:14]}  g6+ {[%clk 0:00:05]} 41. Kh4 {[%clk 0:00:12]}  Bf2# {[%clk 0:00:06]} 0-1

[Event "April 9 Early 2024"]
[Site "Chess.com"]
[Date "2024.04.09"]
[Round "10"]
[White "Shandrygin, Nikita"]
[Black "Jovic, Stanoje"]
[Result "1-0"]
[Board "73"]
[WhiteFideId "24198668"]
[BlackFideId "905020"]
[WhiteTitle "FM"]
[BlackTitle "FM"]
[WhiteElo "2656"]
[BlackElo "2529"]
[WhiteTeam "RUS"]
[BlackTeam "SRB"]
[WhiteClock "0:00:21"]
[BlackClock "0:00:00"]
[Variant "Standard"]

1. e4 {[%clk 0:03:00]}  c6 {[%clk 0:02:59]} 2. d4 {[%clk 0:03:00]}  d5 {[%clk 0:02:58]} 3. f3 {[%clk 0:03:01]}  e6 {[%clk 0:02:57]} 4. Nc3 {[%clk 0:03:01]}  Bb4 {[%clk 0:02:57]} 5. Bf4 {[%clk 0:03:01]}  Nf6 {[%clk 0:02:54]} 6. e5 {[%clk 0:03:00]}  Nfd7 {[%clk 0:02:54]} 7. a3 {[%clk 0:03:01]}  Bxc3+ {[%clk 0:02:51]} 8. bxc3 {[%clk 0:03:01]}  c5 {[%clk 0:02:51]} 9. h4 {[%clk 0:03:01]}  Nc6 {[%clk 0:02:51]} 10. h5 {[%clk 0:03:00]}  Qa5 {[%clk 0:02:44]} 11. Bd2 {[%clk 0:02:33]}  h6 {[%clk 0:02:27]} 12. Ne2 {[%clk 0:02:22]}  Qc7 {[%clk 0:02:08]} 13. Be3 {[%clk 0:02:11]}  a6 {[%clk 0:02:02]} 14. Rh3 {[%clk 0:02:02]}  f6 {[%clk 0:01:54]} 15. f4 {[%clk 0:01:56]}  f5 {[%clk 0:01:47]} 16. g4 {[%clk 0:01:47]}  fxg4 {[%clk 0:01:43]} 17. Rh4 {[%clk 0:01:43]}  Ne7 {[%clk 0:01:41]} 18. Rxg4 {[%clk 0:01:31]}  Nf5 {[%clk 0:01:41]} 19. Bf2 {[%clk 0:01:27]}  b5 {[%clk 0:01:33]} 20. Qd2 {[%clk 0:01:15]}  Bb7 {[%clk 0:01:27]} 21. Ng3 {[%clk 0:01:11]}  O-O {[%clk 0:01:16]} 22. Bd3 {[%clk 0:01:02]}  Nb6 {[%clk 0:01:04]} 23. Nxf5 {[%clk 0:00:45]}  exf5 {[%clk 0:01:02]} 24. Rg6 {[%clk 0:00:45]}  cxd4 {[%clk 0:00:46]} 25. Bxd4 {[%clk 0:00:42]}  Nc4 {[%clk 0:00:45]} 26. Qg2 {[%clk 0:00:31]}  Bc8 {[%clk 0:00:02]} 27. Qxd5+ {[%clk 0:00:24]}  Kh7 {[%clk 0:00:00]} 28. Qxa8 {[%clk 0:00:21]} 1-0

[Event "April 9 Early 2024"]
[Site "Chess.com"]
[Date "2024.04.09"]
[Round "10"]
[White "Fromm, Marius"]
[Black "Kubicka, Anna"]
[Result "1-0"]
[Board "76"]
[WhiteFideId "12993190"]
[BlackFideId "1152254"]
[WhiteTitle "IM"]
[BlackTitle "WIM"]
[WhiteElo "2637"]
[BlackElo "2519"]
[WhiteTeam "GER"]
[BlackTeam "POL"]
[WhiteClock "0:01:07"]
[BlackClock "0:00:00"]
[Variant "Standard"]

1. e4 {[%clk 0:03:00]}  c5 {[%clk 0:02:57]} 2. Nf3 {[%clk 0:03:01]}  d6 {[%clk 0:02:58]} 3. d4 {[%clk 0:03:01]}  cxd4 {[%clk 0:02:58]} 4. Nxd4 {[%clk 0:03:01]}  Nf6 {[%clk 0:02:59]} 5. Nc3 {[%clk 0:03:01]}  a6 {[%clk 0:03:00]} 6. g3 {[%clk 0:03:00]}  e5 {[%clk 0:02:59]} 7. Nde2 {[%clk 0:03:01]}  Be7 {[%clk 0:02:59]} 8. Bg2 {[%clk 0:03:01]}  O-O {[%clk 0:02:59]} 9. O-O {[%clk 0:03:02]}  b5 {[%clk 0:03:00]} 10. Nd5 {[%clk 0:03:03]}  Nxd5 {[%clk 0:02:50]} 11. Qxd5 {[%clk 0:03:04]}  Ra7 {[%clk 0:02:50]} 12. Be3 {[%clk 0:03:03]}  Be6 {[%clk 0:02:50]} 13. Qd2 {[%clk 0:03:03]}  Rd7 {[%clk 0:02:50]} 14. Nc3 {[%clk 0:03:01]}  h6 {[%clk 0:02:35]} 15. Rad1 {[%clk 0:02:53]}  Bg5 {[%clk 0:02:28]} 16. f4 {[%clk 0:02:51]}  exf4 {[%clk 0:02:27]} 17. gxf4 {[%clk 0:02:52]}  Bf6 {[%clk 0:02:24]} 18. b3 {[%clk 0:02:46]}  Bg4 {[%clk 0:02:01]} 19. Rde1 {[%clk 0:02:43]}  Bxc3 {[%clk 0:01:56]} 20. Qxc3 {[%clk 0:02:41]}  Qc7 {[%clk 0:01:52]} 21. Qd2 {[%clk 0:02:28]}  Rc8 {[%clk 0:01:51]} 22. Rf2 {[%clk 0:02:29]}  Re7 {[%clk 0:01:24]} 23. h3 {[%clk 0:02:19]}  Bh5 {[%clk 0:01:23]} 24. f5 {[%clk 0:02:14]}  f6 {[%clk 0:01:21]} 25. Bf4 {[%clk 0:01:54]}  Rd8 {[%clk 0:00:40]} 26. Bf1 {[%clk 0:01:53]}  Nc6 {[%clk 0:00:36]} 27. c4 {[%clk 0:01:53]}  Ne5 {[%clk 0:00:32]} 28. cxb5 {[%clk 0:01:52]}  Nf3+ {[%clk 0:00:26]} 29. Rxf3 {[%clk 0:01:53]}  Bxf3 {[%clk 0:00:27]} 30. Qd5+ {[%clk 0:01:32]}  Kh7 {[%clk 0:00:22]} 31. bxa6 {[%clk 0:01:33]}  Qc3 {[%clk 0:00:14]} 32. Re3 {[%clk 0:01:21]}  Bxe4 {[%clk 0:00:08]} 33. Rxe4 {[%clk 0:01:16]}  Rxe4 {[%clk 0:00:07]} 34. Qxe4 {[%clk 0:01:17]}  d5 {[%clk 0:00:06]} 35. Qg2 {[%clk 0:01:14]}  Qd4+ {[%clk 0:00:05]} 36. Qf2 {[%clk 0:01:15]}  Qe4 {[%clk 0:00:04]} 37. Qe3 {[%clk 0:01:12]}  Qb1 {[%clk 0:00:02]} 38. Qd2 {[%clk 0:01:08]}  d4 {[%clk 0:00:00]} 39. a7 {[%clk 0:01:07]} 1-0